[Event "26th Bosnjaci Open 2022"]
[Site "Bosnjaci"]
[Date "2022.01.04"]
[Round "2.11"]
[White "Sabic, Tomislav"]
[Black "Dutina, Dario"]
[Result "1/2-1/2"]
[WhiteElo "1939"]
[BlackElo "2197"]
[Annotator "TA"]
[PlyCount "87"]
[EventDate "2022.01.03"]
[EventType "swiss"]
[EventCountry "CRO"]
[SourceTitle "playchess.com"]
[Source "ChessBase"]
[SourceQuality "1"]

{[%evp 14,87,0,-21,-6,-9,-21,-15,-4,-44,-34,-33,24,-6,-3,-19,0,-20,-17,-13,0,-75,0,0,0,-16,-23,-18,-21,-24,-21,-35,-30,-38,-35,-50,-47,-179,-133,-140,-113,-144,0,0,0,0,0,0,0,0,0,0,241,242,173,220,216,0,0,0,0,0,0,0,0,0,0,0,571,0,0,0,508,0,0,0]} 1. e4 e5 2. Nf3 Nc6 3. d4 exd4 4. Bc4 Nf6 5. e5 d5 6. Bb5 Nd7 7. O-O Be7 8. Re1 (8. Bxc6 $5 bxc6 9. Nxd4 Nxe5 10. Bf4 $11) 8... O-O {C56: Two Knights: 4 d4 exd4 5 0-0 Nxe4.} 9. Bxc6 bxc6 10. Nxd4 Nb8 11. f4 c5 12. Nf3 f5 {[#]} (12... Be6 $15) 13. c3 $146 (13. Nc3 $5 {[%cal Rd1d5]} Be6 14. b3 $11) ({Predecessor:} 13. Nc3 Be6 14. Ng5 Bxg5 15. fxg5 f4 16. Qf3 Nc6 17. Bxf4 Nd4 18. Qf2 Qb8 19. Rab1 Nxc2 20. Qxc2 Rxf4 {0-1 (49) Kerbrat,J (2213)-Renaze,L (2272) France 2009}) 13... a5 14. Be3 a4 15. Qc2 Be6 16. Qf2 Na6 17. b3 {[#]} (17. Nbd2 $11 {remains equal.}) 17... h6 ({Better is} 17... d4 $1 $17 {[%cal Rd4e3]} 18. cxd4 Nb4) 18. Nbd2 $11 g5 {[%cal Bg7g5,Bg5g4][%mdl 32]} 19. Red1 ({Of course not} 19. bxa4 g4 20. Reb1 gxf3 21. Nxf3 Kh7 $19) 19... g4 20. Ne1 Qd7 21. Nc2 Rfb8 22. h3 h5 23. Rf1 Kf7 24. h4 Rd8 {[%cal Od5d4]} 25. g3 {[#]} (25. Rad1 $15) 25... Nb4 $1 {[%mdl 512]} 26. cxb4 $17 d4 27. Rfd1 {[%cal Od2e4]} axb3 (27... dxe3 $17 28. Nxe3 cxb4) 28. Nxb3 $11 Bxb3 29. axb3 {Black must now prevent Rxa8.} dxe3 30. Nxe3 Rxa1 31. Rxa1 {Hoping for Rd1.} cxb4 {...Bc5 is the strong threat.} 32. Rd1 Qe6 (32... Qc6 $11 {and Black is okay.} 33. Rxd8 Bxd8) 33. Rxd8 $18 Bxd8 34. Qc2 Kg6 35. Qc4 $2 ({White should play} 35. Kf2 $18) 35... Qxc4 $11 36. Nxc4 {[%mdl 4096] Endgame KB-KN} Be7 37. Kf2 {aiming for Ne3.} Bc5+ 38. Ke2 {And now Ne3 would win.} Kf7 39. Ne3 Ke6 40. Kd3 Ba7 $2 {[%mdl 8192]} (40... c6 $11 {and Black stays safe.}) 41. Ke2 $2 ({Only move:} 41. Nc2 $18 Ke7 42. Nd4 (42. Nxb4 Bf2 $11)) 41... Bd4 42. Kd3 Ba7 {[%mdl 8192]} (42... Bc5 $11) 43. Ke2 $2 (43. Nc2 $18 Bf2 44. Nd4+ Ke7 45. Nxf5+ Kf7 46. Kc4) 43... Bd4 44. Kd3 {A wild game.  Weighted Error Value: White=0.46/Black=0.70} 1/2-1/2

[Event "26th Bosnjaci Open 2022"]
[Site "Bosnjaci"]
[Date "2022.01.04"]
[Round "2.12"]
[White "Nemec, Vjekoslav"]
[Black "Drmic, Bozo"]
[Result "1-0"]
[WhiteElo "2194"]
[BlackElo "1949"]
[Annotator "ChessBase"]
[PlyCount "55"]
[EventDate "2022.01.03"]
[EventType "swiss"]
[EventCountry "CRO"]
[SourceTitle "playchess.com"]
[Source "ChessBase"]
[SourceQuality "1"]
[TimeControl "5400+30"]

1. e4 c5 2. Nf3 e6 3. c4 Nc6 4. d4 cxd4 5. Nxd4 Qc7 6. Nc3 a6 7. Be3 Nf6 8. a3 Ne5 9. Be2 h5 10. h3 d6 11. Rc1 Bd7 12. f4 Nc6 13. Nf3 Be7 14. O-O Rc8 15. b4 O-O 16. Ng5 g6 17. Bd3 Qb8 18. Na4 Rcd8 19. Nb6 Bc8 20. b5 Na7 21. f5 Ne8 22. fxg6 fxg6 23. Rxf8+ Bxf8 24. Qf3 Qc7 25. Nxc8 Nxc8 26. Nxe6 Qe7 27. Nxd8 Qxd8 28. Rf1 1-0

[Event "26th Bosnjaci Open 2022"]
[Site "Bosnjaci"]
[Date "2022.01.04"]
[Round "2.13"]
[White "Dabic, Stjepan"]
[Black "Grubisic, Ivica"]
[Result "1-0"]
[WhiteElo "2161"]
[BlackElo "1929"]
[Annotator "ChessBase"]
[PlyCount "49"]
[EventDate "2022.01.03"]
[EventType "swiss"]
[EventCountry "CRO"]
[SourceTitle "playchess.com"]
[Source "ChessBase"]
[SourceQuality "1"]
[TimeControl "5400+30"]

1. d4 Nf6 2. c4 g6 3. Nc3 d5 4. Nf3 Bg7 5. h4 O-O 6. Bg5 c6 7. e3 Bg4 8. Be2 h6 9. Bxf6 Bxf6 10. cxd5 cxd5 11. Qb3 e6 12. Nd2 Bxe2 13. Kxe2 b6 14. f4 Nd7 15. Nf3 Bg7 16. g4 Nf6 17. Rag1 Ne4 18. Nxe4 dxe4 19. Nd2 Qd5 20. g5 h5 21. Qxd5 exd5 22. Rc1 Rac8 23. Nb1 Rfd8 24. Nc3 Bf8 25. Nxd5 1-0

[Event "26th Bosnjaci Open 2022"]
[Site "Bosnjaci"]
[Date "2022.01.04"]
[Round "2.14"]
[White "Saric, Kristina"]
[Black "Slobodjanac, Sinisa"]
[Result "1-0"]
[WhiteElo "2148"]
[BlackElo "1925"]
[Annotator "ChessBase"]
[PlyCount "79"]
[EventDate "2022.01.03"]
[EventType "swiss"]
[EventCountry "CRO"]
[SourceTitle "playchess.com"]
[Source "ChessBase"]
[SourceQuality "1"]
[TimeControl "5400+30"]

1. e4 b6 2. d4 Bb7 3. Bd3 e6 4. Nc3 Bb4 5. Nh3 Nf6 6. e5 Nd5 7. Qg4 g6 8. Bd2 Nxc3 9. bxc3 Be7 10. Bh6 Bf8 11. Bxf8 Kxf8 12. Ng5 f5 13. exf6 Qxf6 14. O-O Kg7 15. Rae1 Re8 16. f4 Nc6 17. d5 Nd8 18. c4 b5 19. Kh1 a5 20. Nxh7 Kxh7 21. f5 Kg8 22. fxe6 Qg7 23. e7 bxc4 24. Bxc4 d6 25. exd8=Q Raxd8 26. Re6 Bc8 27. Qg5 Bxe6 28. dxe6 Re7 29. Rf6 Rb8 30. h3 Kh7 31. Bd3 Rb1+ 32. Kh2 Qh6 33. Bxg6+ Kg7 34. Qf5 Rb8 35. Rf7+ Rxf7 36. Qxf7+ Kh8 37. e7 Qh4 38. e8=Q+ Rxe8 39. Qxe8+ Kg7 40. Qf7+ 1-0

[Event "26th Bosnjaci Open 2022"]
[Site "Bosnjaci"]
[Date "2022.01.04"]
[Round "2.15"]
[White "Begic, Domagoj"]
[Black "Vujnovic, Patricija"]
[Result "1/2-1/2"]
[WhiteElo "1816"]
[BlackElo "2138"]
[Annotator "ChessBase"]
[PlyCount "74"]
[EventDate "2022.01.03"]
[EventType "swiss"]
[EventCountry "CRO"]
[SourceTitle "playchess.com"]
[Source "ChessBase"]
[SourceQuality "1"]
[TimeControl "5400+30"]

1. e4 e6 2. Nf3 d5 3. exd5 exd5 4. d4 Nf6 5. Bd3 Be7 6. h3 O-O 7. O-O c5 8. c3 Nc6 9. dxc5 Bxc5 10. Nbd2 Re8 11. Nb3 Bb6 12. Bg5 Qd6 13. Qd2 Bc7 14. Rfe1 Bd7 15. Rxe8+ Rxe8 16. Re1 Ne5 17. Rxe5 Rxe5 18. Bf4 Re1+ 19. Nxe1 Qxf4 20. Qxf4 Bxf4 21. Nf3 Ne4 22. Kf1 b6 23. Ke1 Nc5 24. Nxc5 bxc5 25. b3 Kf8 26. Ke2 Ke7 27. c4 d4 28. Be4 Bd6 29. Kd3 a5 30. Ne1 f5 31. Bd5 g5 32. Ke2 h5 33. Nd3 f4 34. f3 Kf6 35. Be4 g4 36. hxg4 hxg4 37. Kf2 g3+ 1/2-1/2

[Event "26th Bosnjaci Open 2022"]
[Site "Bosnjaci"]
[Date "2022.01.04"]
[Round "3.1"]
[White "Saric, Ante"]
[Black "Nemec, Vjekoslav"]
[Result "1-0"]
[WhiteElo "2530"]
[BlackElo "2194"]
[Annotator "TA"]
[PlyCount "43"]
[EventDate "2022.01.03"]
[EventType "swiss"]
[EventCountry "CRO"]
[SourceTitle "playchess.com"]
[Source "ChessBase"]
[SourceQuality "1"]

{[%evp 18,43,25,-8,23,19,62,57,81,74,82,83,90,85,87,80,102,112,120,114,152,148,162,106,113,76,410,410]} 1. d4 Nf6 2. Nf3 g6 3. c4 Bg7 4. g3 c6 5. Bg2 d5 6. Ne5 O-O 7. Nc3 {[%cal Bb1c3,Bc3e4,Be4c5][%mdl 32]} Nbd7 8. O-O dxc4 9. Nxc4 Nb6 10. Ne5 Nfd5 {D78: Fianchetto Grünfeld: 6 0-0 c6.} 11. f4 Be6 {[#]} (11... Nd7 $11 {feels stronger.}) 12. Ne4 $146 ({Predecessor:} 12. Bd2 f6 13. Nd3 Nc4 14. Qc1 f5 15. Ne5 Nxe5 16. dxe5 Qb6+ 17. Kh1 Nxc3 18. Qxc3 Rfd8 19. Be3 Qa6 20. Rfe1 Bd5 21. Bc5 Bxg2+ 22. Kxg2 e6 23. Bd6 Rxd6 24. Qb3 Rd5 {0-1 (24) Sivickis,E (1948)-Latinis,M Vilnius 2008}) 12... f6 {[#] White is slightly better.} 13. Nc5 $1 {[%csl LRb7,LRe6]} Bc8 (13... Qc8 14. Nxe6) 14. Nf3 f5 15. Qb3 Qd6 {[%cal Og7d4]} 16. Ne5 Kh8 17. e3 Rb8 {[#]} 18. Qa3 $1 a6 19. Bd2 Nf6 {[#]} 20. Rac1 (20. Ba5 $1 $18 {[%cal Ra5b6]} Nfd5 21. Rab1) 20... Nbd5 $16 21. Qd3 {White is much more active.} Be6 $2 {[%mdl 8192]} (21... b6 $16) 22. Nc4 {Weighted Error Value: White=0.10 (very precise) /Black=0.67} 1-0

[Event "26th Bosnjaci Open 2022"]
[Site "Bosnjaci"]
[Date "2022.01.04"]
[Round "3.2"]
[White "Dabic, Stjepan"]
[Black "Tica, Sven"]
[Result "0-1"]
[WhiteElo "2161"]
[BlackElo "2419"]
[Annotator "ChessBase"]
[PlyCount "76"]
[EventDate "2022.01.03"]
[EventType "swiss"]
[EventCountry "CRO"]
[SourceTitle "playchess.com"]
[Source "ChessBase"]
[SourceQuality "1"]
[TimeControl "5400+30"]

1. d4 d5 2. c4 e6 3. Nc3 h6 4. Nf3 Nf6 5. g3 Bd6 6. Bg2 O-O 7. O-O Nc6 8. b3 Re8 9. Bb2 Bd7 10. Re1 dxc4 11. bxc4 e5 12. c5 Bf8 13. Nxe5 Nxe5 14. dxe5 Ng4 15. Ne4 Nxe5 16. Rc1 Bc6 17. Qc2 Qe7 18. Nd2 Bxg2 19. Kxg2 Rad8 20. Nb3 Qe6 21. f4 Nc6 22. a3 f5 23. e3 Rd5 24. Kf2 Kh8 25. h3 Red8 26. Bd4 Be7 27. Rcd1 Qd7 28. Rd2 Nxd4 29. Rxd4 Bf6 30. c6 bxc6 31. Rc4 Rb8 32. Re2 Qd6 33. Rxc6 Qxa3 34. Nd4 Bxd4 35. exd4 Rb3 36. Rxh6+ gxh6 37. Re8+ Kg7 38. Qxc7+ Kf6 0-1

[Event "26th Bosnjaci Open 2022"]
[Site "Bosnjaci"]
[Date "2022.01.04"]
[Round "3.3"]
[White "Kovacevic, Blazimir"]
[Black "Saric, Kristina"]
[Result "1/2-1/2"]
[WhiteElo "2399"]
[BlackElo "2148"]
[Annotator "ChessBase"]
[PlyCount "77"]
[EventDate "2022.01.03"]
[EventType "swiss"]
[EventCountry "CRO"]
[SourceTitle "playchess.com"]
[Source "ChessBase"]
[SourceQuality "1"]
[TimeControl "5400+30"]

1. Nf3 d5 2. g3 Nf6 3. Bg2 c5 4. O-O Nc6 5. d4 e6 6. c4 cxd4 7. Nxd4 Bc5 8. Nxc6 bxc6 9. Qc2 Be7 10. b3 O-O 11. Rd1 Bb7 12. Nc3 Qc7 13. Na4 Rfd8 14. cxd5 Nxd5 15. Bb2 c5 16. a3 Rac8 17. Rac1 h5 18. b4 c4 19. Bd4 Nb6 20. Bxb7 Qxb7 21. Nc5 Qc6 22. a4 e5 23. Bxe5 Bxc5 24. bxc5 Qxc5 25. Bc3 h4 26. a5 hxg3 27. hxg3 Nd5 28. Qf5 Qc6 29. Bd4 c3 30. Rd3 c2 31. Qg5 Qh6 32. Qxh6 gxh6 33. Bxa7 Nb4 34. Rxd8+ Rxd8 35. Be3 Rc8 36. Ra1 Rd8 37. Rc1 Rc8 38. Ra1 Rd8 39. Rc1 1/2-1/2

[Event "26th Bosnjaci Open 2022"]
[Site "Bosnjaci"]
[Date "2022.01.04"]
[Round "3.4"]
[White "Hodak, Stevo"]
[Black "Zovko, Mario"]
[Result "0-1"]
[WhiteElo "2133"]
[BlackElo "2297"]
[Annotator "TA"]
[PlyCount "52"]
[EventDate "2022.01.03"]
[EventType "swiss"]
[EventCountry "CRO"]
[SourceTitle "playchess.com"]
[Source "ChessBase"]
[SourceQuality "1"]

{[%evp 9,52,17,16,18,16,-15,-15,-23,-40,-51,-50,-50,-34,-52,-47,-50,-49,-73,-37,-39,-36,-59,-63,-100,-105,-158,-136,-288,-280,-352,-362,-352,-381,-406,-400,-382,-339,-619,-619,-604,-548,-1005,-988,-1630,-1529]} 1. e4 c6 2. d4 d5 3. exd5 cxd5 4. Nf3 Nf6 5. Bb5+ Nc6 6. O-O {B13: Caro-Kann: Exchange Variation and Panov-Botvinnik Attack.} Bg4 {[%cal Bc8g4,Bg4h5,Bh5g6][%mdl 32]} 7. a4 e6 {[#]} 8. h3 $146 {The position is equal.} ({Predecessor:} 8. Bg5 Be7 9. Nbd2 O-O 10. c3 h6 11. Bh4 g5 12. Bg3 Ne4 13. Qe1 Nxg3 14. hxg3 {0-1 (42) Posztobanyi,P-Botos,J (2027) Hungary 2010}) 8... Bh5 9. g4 Bg6 10. Ne5 Qc7 11. a5 {[#] aiming for a6.} a6 12. Bxc6+ bxc6 13. c3 Bxb1 14. Rxb1 Bd6 15. Re1 O-O 16. Kg2 c5 17. b4 (17. Bf4 $142) 17... Ne4 $17 18. bxc5 $2 {[#] White does not recover from this.} (18. Bd2 $17 {was worth a try.}) 18... Bxe5 $19 19. Rxe4 dxe4 20. dxe5 Qxc5 21. Qd4 Qxa5 22. Rb4 Rac8 23. Bd2 $2 (23. Be3) 23... Rfd8 {Black is clearly winning.} 24. Qe3 Qxe5 25. Rxe4 Qd5 26. Be1 f5 {Weighted Error Value: White=0.77/Black=0.07 (flawless)} 0-1

[Event "26th Bosnjaci Open 2022"]
[Site "Bosnjaci"]
[Date "2022.01.04"]
[Round "3.5"]
[White "Stocko, Josip"]
[Black "Jelecevic, Ivo"]
[Result "1/2-1/2"]
[WhiteElo "2231"]
[BlackElo "2136"]
[Annotator "TA"]
[PlyCount "38"]
[EventDate "2022.01.03"]
[EventType "swiss"]
[EventCountry "CRO"]
[SourceTitle "playchess.com"]
[Source "ChessBase"]
[SourceQuality "1"]

{[%evp 15,38,0,3,-22,-9,-16,23,31,36,22,31,-27,0,0,0,0,0,0,0,0,7,-14,-9,-21,-14]} 1. e4 c5 2. Nf3 d6 3. Bc4 Nf6 4. d3 e6 5. Bb3 Nc6 6. O-O Be7 7. Re1 O-O 8. c3 b5 9. Nbd2 {[%cal Bb1d2,Bd2f1,Bf1g3][%mdl 32] B50: Sicilian: 2...d6, Miscellaneous.} Bb7 10. Bc2 {[#]} e5 $146 ({Predecessor:} 10... Qb6 11. Nf1 Rac8 12. Ng3 b4 13. h3 a5 14. a4 Ne5 15. Nxe5 dxe5 16. Qe2 Qd6 {1-0 (77) Niemann,H (2484)-Martinez Alcantara,J (2620) Chess.com INT 2021}) 11. Nf1 {White has an edge.} Re8 12. Ng3 g6 (12... a5 {seems wilder.} 13. a4 b4 14. Nf5 Bc8 15. Ne3 Rb8) 13. d4 (13. Bg5 $14) 13... cxd4 14. cxd4 {The position is equal.} Nxd4 15. Nxd4 exd4 16. Qxd4 d5 17. e5 Ne4 18. Be3 {[%cal Rg3e4]} Bc5 19. Qd3 {[%cal Rg3e4]} Qb6 {A balanced but interesting game.  Weighted Error Value: White=0.20 (precise) /Black=0.10 (very precise)} 1/2-1/2

[Event "26th Bosnjaci Open 2022"]
[Site "Bosnjaci"]
[Date "2022.01.04"]
[Round "3.6"]
[White "Grguric, Stjepan-Kresimir"]
[Black "Bobanac, Miro"]
[Result "0-1"]
[WhiteElo "2107"]
[BlackElo "2261"]
[Annotator "TA"]
[PlyCount "230"]
[EventDate "2022.01.03"]
[EventType "swiss"]
[EventCountry "CRO"]
[SourceTitle "playchess.com"]
[Source "ChessBase"]
[SourceQuality "1"]

{[%evp 11,230,20,23,24,33,-31,-19,-52,-27,-72,-91,-68,-31,-41,0,0,0,-43,-54,-75,-71,-87,-75,-99,-103,-152,-73,-77,-62,-136,-137,-212,-152,-206,-57,-64,-60,-60,-23,-37,0,0,0,-25,-5,-6,-6,-2,-9,-7,0,-7,-7,-10,-7,-7,0,-10,0,-14,0,-21,0,0,0,-26,-27,-32,-32,-75,-75,-72,0,-105,-110,-95,0,0,0,-91,-104,-116,-113,-120,-114,-112,0,0,0,0,0,0,0,0,0,0,0,0,0,0,0,0,0,0,0,0,0,0,0,0,0,0,0,0,0,0,0,0,0,0,0,0,0,0,0,0,0,0,0,0,0,0,0,0,0,0,0,0,0,0,0,0,0,0,0,-29960,-29960,-11124,-8,-8,-8,-8,-8,-8,-19,-29978,-20,-29974,-8,-8,-8,-29981,-29972,-29970,-29970,-29968,-8,-29973,-29974,-29972,-29975,-29975,-29975,-29975,-29977,-29974,-29978,-29978,-29971,-29977,-29978,-29981,-29977,-29976,-29975,-29976,-29977,-29976,-29977,-29977,-29978,-29979,-29981,-29981,-29981,-29981,-29982,-29982,-29979,-29979,-29980,-29980,-29981,-29981,-29982,-29982,-29983,-29983,-29980,-29984,0,-29983,-29984,-29986,-29986,-29986,-29987,-29994,-29995,-29997,-29998]} 1. e4 c5 2. Nf3 e6 3. d4 cxd4 4. Nxd4 Nc6 5. Nc3 Qc7 6. Be2 Nf6 7. Bg5 {B47: Sicilian: Taimanov: 5 Nc3 Qc7 6 f4, 6 g3 and 6 Be2.} a6 {[#]} 8. h4 $146 (8. Bxf6 $14 gxf6 9. O-O) ({Predecessor:} 8. f4 b5 9. e5 b4 10. Ncb5 axb5 11. exf6 Nxd4 12. Qxd4 g6 13. Bxb5 b3 14. Qc4 Qxc4 15. Bxc4 bxc2 {1-0 (45) Kasperek,R (2170)-Podjavorinsky,M (1961) Liptovsky Jan 2021}) 8... b5 9. a3 {The position is equal.} Bb7 10. Qd2 (10. Nxc6 $11 dxc6 11. Qd3) 10... Nxd4 $1 $17 11. Qxd4 Bc5 (11... Bd6 $5 {[%cal Rd6e5]}) 12. Qd3 b4 (12... Bd6 $15 {is more appropriate.}) 13. axb4 $11 Bxb4 14. Bxf6 (14. Bf3 $1 $11 {is superior.}) 14... gxf6 $15 15. Rd1 Bxc3+ 16. bxc3 Bc6 17. Rh3 Rg8 18. e5 ({Better is} 18. g4) 18... Qxe5 (18... Rxg2 $142 19. exf6 Qf4) 19. Re3 $17 Qc5 20. Bf3 (20. g3 $1 $15) 20... Ke7 21. Qxh7 (21. g3 $17) 21... Bxf3 22. Rxf3 (22. gxf3 $17 d5 23. Qd3) 22... Qc6 (22... Rxg2 $19 {Threatens to win with ...f5.} 23. Qe4 Qe5) 23. Qh6 $1 $15 Qe4+ 24. Kf1 Rg6 (24... f5 $5 {[%cal Rg8g2]} 25. Qf4 (25. Qd2 d5 $17) 25... Qxf4 26. Rxf4 Rgc8 $15) 25. Qd2 d5 {[%cal Og6g2]} (25... Qc6 {feels hotter.} 26. Qf4 f5 27. Rg3 Rag8 28. Rxg6 Rxg6 29. Qb4+ d6) 26. Qd4 Qxd4 27. cxd4 $11 {[%mdl 4096] Endgame KRR-KRR} Rc8 28. c3 Rgg8 29. Ra1 Rc6 30. Ra3 Ra8 31. Rh3 f5 32. Ke2 Rb8 33. Rd3 Kf6 34. Rd2 Kg6 35. Rda2 Rbb6 36. g3 Kh5 (36... f4 $5) 37. Kf3 Rb1 38. Rxa6 Rxc3+ 39. Ke2 Rb4 40. Rd2 (40. R6a4 $15 Rbb3 41. Ra8) 40... f4 $17 41. gxf4 {[%cal Of4f5]} Kg6 {Black is more active.} ({But not} 41... Kxh4 $6 42. Ra7 $11) (41... Kg4 $1 $17 42. Ra7 f6) 42. Ra8 (42. Ra7 $11) 42... Rh3 $1 {[%mdl 1024] Black has strong compensation.} 43. Rh8 Kg7 (43... Rh2 $17) 44. Rh5 $11 Kf6 45. Rh6+ (45. f5 $11 {remains equal.}) 45... Kf5 $17 46. Rh7 f6 $1 ({Much worse is} 46... Kxf4 $6 47. Rxf7+ Kg4 48. Re7 $11) 47. Rh6 Rbb3 48. Ra2 Rbf3 ({Black should try} 48... Rb1 $17 49. Rc2 Rb4) 49. Ra7 $11 Rxf4 {Strongly threatening ...Rh2.} 50. Rf7 Ke4 51. Rfxf6 Rxf6 52. Rxf6 Rxh4 53. Rxe6+ Kxd4 {KR-KR} 54. Ra6 {Intending Ra4+ and mate.} Rh2 55. Ra4+ Kc3 56. Ra3+ Kb4 57. Rf3 Kc4 58. Rf8 Rh7 59. Rf4+ Kc3 {aiming for ...d4.} 60. Rf3+ Kc2 {And now ...d4 would win.} 61. Rd3 Re7+ 62. Re3 Rd7 63. Re8 Kc3 64. Rc8+ Kd4 65. Rf8 Ra7 66. Rf4+ Kc3 {Hoping for ...d4.} 67. Rf3+ Kc4 68. Rf8 Ra2+ 69. Kd1 $1 d4 70. Rf3 Kd5 71. Rf8 Ke4 72. Rf7 Kd3 {[%cal Ra2a1]} 73. Rf3+ Kc4 74. Kc1 Kd5 75. Rf5+ Ke4 76. Rf8 Kd3 77. Rf3+ Ke2 78. Rf8 $2 {[%mdl 8192]} (78. Rh3 $11) 78... Ra1+ $1 79. Kb2 Ra7 $2 (79... Ra5 $1 $19 {( -> ...d3)} 80. Re8+ Kd2) 80. Re8+ Kd2 81. f4 $1 Rb7+ 82. Ka3 Rf7 83. Re4 $2 {[%mdl 8192]} (83. Kb3 $11) 83... Kd3 $2 (83... Kc3 84. Ka4 d3 85. Re3 Kc2 86. Rh3 d2 87. Rh2 Kc3 88. Rh1 Rf5 89. Ra1 Kb2 90. Rf1 Kc2 91. Kb4 d1=Q 92. Rxd1 Kxd1 93. Kc4 Ke2 94. Kd4 Kf3 95. Kd3 Rxf4 96. Kd2 Rd4+ 97. Kc3 Ke3 98. Kc2 Rc4+ 99. Kb3 Kd3 100. Kb2 Rb4+ 101. Ka3 Kc3 102. Ka2 Ra4+ 103. Kb1 Ra5 104. Kc1 Ra1#) 84. Re1 $2 {[%mdl 8192]} (84. Re8 $11) 84... Rxf4 $2 (84... Kc2 85. Rf1 d3 86. Kb4 d2 87. Rf2 Kc1 88. Rf1+ d1=Q 89. Rxd1+ Kxd1 90. Kc4 Rxf4+ 91. Kd5 Ke2 92. Ke6 Kd3 93. Ke5 Rd4 94. Ke6 Ke4 95. Kf6 Kf4 96. Ke6 Rd1 97. Kf7 Kf5 98. Ke7 Rd4 99. Kf7 Rd7+ 100. Ke8 Ke6 101. Kf8 Kf6 102. Kg8 Rd8+ 103. Kh7 Re8 104. Kh6 Rh8#) 85. Kb2 Rf2+ 86. Kc1 $2 {[%mdl 8192] Black keeps a firm grip on the game.} (86. Kb3 $11) 86... Rc2+ 87. Kb1 Re2 88. Rh1 {[#]} Kd2 $2 (88... Kc3 $1 {mates} 89. Rc1+ Kd2 90. Kb2 Re1 91. Rc7 d3 92. Rh7 Kd1 93. Kc3 d2 94. Kd3 Rf1 95. Rh2 Rf3+ 96. Kc4 Ke1 97. Rh1+ Rf1 98. Rh8 Rf4+ 99. Kb5 d1=Q 100. Rh1+ Rf1 101. Rxf1+ Kxf1 102. Kc6 Qd8 103. Kc5 Ke2 104. Kc4 Qd6 105. Kc3 Qc5+ 106. Kb2 Qb4+ 107. Ka2 Kd2 108. Ka1 Kc3 109. Ka2 Qb2#) 89. Rh3 $2 {[%mdl 8192]} (89. Kb2 $11) 89... d3 90. Kb2 {[#]} Kd1+ $1 ({And not} 90... Ke1+ 91. Kc3 $11) 91. Kc3 d2 92. Kd3 {[#]} Kc1 $1 {[%mdl 512]} 93. Kxe2 d1=Q+ {KQ-KR} 94. Kf2 Qd4+ 95. Kg2 Kd2 96. Rg3 Ke2 97. Kh3 Qd7+ 98. Kh4 Kf2 99. Rg6 Kf3 100. Rf6+ Ke4 101. Rg6 Kf5 102. Rg2 Qd4+ 103. Kh3 Qh8+ 104. Kg3 Ke4 105. Re2+ Kd3 106. Rf2 Qh5 107. Rf3+ Ke2 108. Rf2+ Ke3 109. Rf1 Qg6+ 110. Kh3 Qh5+ 111. Kg3 Qg5+ {Black mates.} 112. Kh2 Ke2 113. Rg1 Qe5+ 114. Kh3 Kf2 {[%cal Re5h5]} 115. Rg4 Qh5+ {Weighted Error Value: White=0.21 (precise) /Black=0.16 (very precise)} 0-1

[Event "26th Bosnjaci Open 2022"]
[Site "Bosnjaci"]
[Date "2022.01.04"]
[Round "3.7"]
[White "Zadravec, Matija"]
[Black "Ljubicic, Mario"]
[Result "1/2-1/2"]
[WhiteElo "2249"]
[BlackElo "2001"]
[Annotator "TA"]
[PlyCount "118"]
[EventDate "2022.01.03"]
[EventType "swiss"]
[EventCountry "CRO"]
[SourceTitle "playchess.com"]
[Source "ChessBase"]
[SourceQuality "1"]

{[%evp 16,118,0,0,35,13,14,16,17,0,32,11,37,28,57,31,52,65,46,57,61,47,38,42,36,43,39,39,109,119,113,31,41,37,42,33,35,39,43,0,84,-23,40,8,10,15,8,0,0,0,27,27,27,8,15,8,36,8,12,6,6,7,14,0,0,0,0,0,0,0,0,0,0,0,0,0,0,0,0,0,0,0,0,0,0,0,0,0,0,0,0,0,0,0,0,0,0,0,0,0,0,0,0,0,0]} 1. d4 Nf6 2. Nf3 g6 3. Bg5 Bg7 4. Nbd2 d6 5. c3 O-O 6. e4 c5 7. dxc5 dxc5 8. Be2 Nc6 9. O-O Be6 {A48: 1 d4 Nf6 2 Nf3 g6: Torre, London and Colle Systems.} 10. Re1 Qc7 11. Qc2 Rfd8 12. a4 {[#]} Rac8 $146 ({Predecessor:} 12... Rd7 13. Bc4 Bxc4 14. Nxc4 Ng4 15. Bh4 Nge5 16. Nfxe5 Nxe5 17. Bg3 Rad8 18. h3 Rd3 {1-0 (41) Sokolov,I (2626)-Mosadeghpour,M (2469) Bandar e Anzali 2017}) 13. Bh4 Na5 14. Ng5 Qf4 15. Nxe6 Qxd2 16. Qxd2 Rxd2 17. Nxg7 Kxg7 18. e5 (18. Rab1 {keeps more tension.} e5 19. Bg5 Rd6 20. f3 Rcd8 21. Kf2) 18... Nd5 19. Rad1 Rxd1 20. Rxd1 e6 21. Bf3 Nc4 ({Black should try} 21... Nb6 $1 $14) 22. Bxd5 exd5 $16 {[%mdl 4096] Endgame [#] KRB-KRN} 23. Bf6+ (23. b3 $1 $16 {[%cal Rb3c4]} Nxe5 24. Rxd5) 23... Kf8 $1 $14 {[%cal Od5d4]} 24. b3 Na5 {[%cal Od5d4]} 25. Rxd5 Ke8 {To avoid Rd7} 26. Kf1 ({Of course not} 26. b4 cxb4 27. Rxa5 bxc3 $11) 26... Nxb3 27. g4 (27. Ke2 $14 {was preferrable.}) 27... a6 {[#]} (27... c4 $11 {keeps the balance.}) 28. g5 (28. Ke2 $1 $16) 28... b5 ({Better is} 28... c4 $11) 29. axb5 axb5 30. Rd6 b4 31. cxb4 cxb4 32. Rb6 Nc5 33. Rxb4 Kd7 34. Rh4 Ke6 35. Rxh7 Rc7 36. Ke2 Ne4 {The position is equal.} 37. Ke3 Kf5 38. h4 Nc3 39. h5 gxh5 40. Rxh5 {[%cal Og5g6]} Nd5+ 41. Kd4 Nf4 42. Rh8 Rd7+ 43. Kc5 Rd2 44. Rh2 Nd3+ 45. Kd6 {Black must now prevent Ke7.} Nxe5+ 46. Ke7 Rd7+ 47. Ke8 Ng4 {[%csl LRf6,LRh2]} 48. Rh3 Nxf6+ 49. gxf6 $11 {KR-KR} Ra7 50. Rf3+ Ke6 {[%cal Ra7a8]} 51. Kf8 {And now Kg7 would win.} Ra5 52. Kg7 {Re3+ is the strong threat.} Rg5+ 53. Kf8 Rg6 54. Re3+ Kxf6 55. Rf3+ Ke6 56. Rxf7 Rf6 57. Rxf6+ Kxf6 58. f4 Kf5 59. Kf7 Kxf4 {Weighted Error Value: White=0.12 (very precise) /Black=0.12 (very precise)} 1/2-1/2

[Event "26th Bosnjaci Open 2022"]
[Site "Bosnjaci"]
[Date "2022.01.04"]
[Round "3.8"]
[White "Caric, Mato"]
[Black "Sipic, Hrvoje"]
[Result "1/2-1/2"]
[WhiteElo "2029"]
[BlackElo "2221"]
[Annotator "TA"]
[PlyCount "47"]
[EventDate "2022.01.03"]
[EventType "swiss"]
[EventCountry "CRO"]
[SourceTitle "playchess.com"]
[Source "ChessBase"]
[SourceQuality "1"]

{[%evp 21,22,85,54]} 1. e4 c5 2. Nf3 d6 3. d4 cxd4 4. Nxd4 Nf6 5. Nc3 g6 6. f3 Bg7 7. Be3 Nc6 8. Qd2 O-O 9. O-O-O Nxd4 10. Bxd4 Be6 11. Kb1 Qc7 {[#]} {Predecessor:} 12. h4 $146 {B76: Sicilian Dragon: Yugoslav Attack, 9 g4 and 9 0-0-0.} Rfc8 13. h5 Qa5 14. hxg6 hxg6 15. a3 Rab8 16. Bd3 Bc4 17. Bxc4 Rxc4 18. Bxf6 Bxf6 19. Nd5 Qxd2 20. Nxf6+ Kg7 21. Nh5+ gxh5 22. Rxd2 Rc5 23. c3 Rh8 24. Kc2 {1-0 (41) Papp,G (2602)-Can,E (2569) Chess.com INT 2020} 1/2-1/2